000 00816nam a22001457a 4500
003 MACL
005 20200312170754.0
008 200312b xxu||||| |||| 00| 0 eng d
040 _cMACL
100 _aतक्षशिला
_978639
245 _aप्रोफेशनल एग्‍जामिनेशन बोर्ड म.प्र. शासन स्‍कूल शिक्षा विभाग के अंतर्गत प्राथमिक शिक्षक पात्रता परीक्षा 2020 बाल मनोविज्ञान सिद्धांत एवं व्‍यवहार
260 _aइन्‍दौर
_bतक्षशिला पब्लिकेशन
_c2020
650 _aशिक्षा शास्‍त्र
_978641
942 _2ddc
_cHIN
999 _c62400
_d62400